|
|
|
|
| LEADER |
01115nam a2200265 a 4500 |
| 001 |
227780 |
| 008 |
091006s1997 ii a b 00100 eng d |
| 020 |
|
|
|a 8171009182
|
| 040 |
|
|
|a ANL
|c ANL
|
| 082 |
0 |
4 |
|a 338.8891724
|2 21
|
| 100 |
1 |
|
|a McKee, Neill.
|
| 245 |
1 |
0 |
|a International business for third world countries /
|c edited by Devendra Thakur, Vinod Kumar Singh.
|
| 260 |
|
|
|a New Delhi :
|b Deep & Deep,
|c 1997
|
| 300 |
|
|
|a x, 377 p. :
|b ill. ;
|c 23 cm.
|
| 490 |
0 |
|
|a Great stories in easy English.
|p Second series
|
| 504 |
|
|
|a Includes index.
|
| 541 |
1 |
|
|e 00004779
|
| 650 |
|
0 |
|a International business enterprises
|z Developing countries.
|
| 650 |
|
0 |
|a International trade
|z Developing countries.
|
| 650 |
|
0 |
|a Health education
|x Marketing
|x Social aspects
|
| 700 |
1 |
|
|a Thakur, Devendra.
|d 1939
|
| 700 |
1 |
|
|a Singh, Vinod Kumar.
|
| 852 |
4 |
|
|a Ayesha Abed Library
|j General shelf
|
| 999 |
|
|
|c 4434
|d 4434
|
| 952 |
|
|
|0 0
|1 0
|2 ddc
|4 0
|6 338_889172400000000_MCK_1997
|7 0
|9 4145
|a BRACUL
|b BRACUL
|c GEN
|d 2009-10-11
|g 0.00
|l 2
|m 5
|o 338.8891724 MCK
|p 3010011320
|r 2018-01-07
|s 2017-12-11
|t 1
|w 2009-10-11
|y BK
|x No price found in the accession register.
|